| Tag |
First Indicator |
Second Indicator |
Subfields |
| LEADER |
00000cam a2200000 a 4500 |
| 001 |
in00001468430 |
| 005 |
20151021052611.0 |
| 008 |
980320s1998 enk b 001 0 eng |
| 010 |
|
|
|a 98018518
|
| 020 |
|
|
|a 0415182565 (hc.)
|
| 035 |
|
|
|a (OCoLC)38854014
|
| 035 |
|
|
|9 AJE4782AM
|
| 040 |
|
|
|a DLC
|c DLC
|d TXA
|d UtOrBLW
|
| 043 |
|
|
|a e-uk---
|
| 049 |
|
|
|a TXAM
|
| 050 |
0 |
0 |
|a HV245
|b .O73 1998
|
| 082 |
0 |
0 |
|a 361.8/0941
|2 21
|
| 100 |
1 |
|
|a Osborne, Stephen P.,
|d 1953-
|
| 245 |
1 |
0 |
|a Voluntary organizations and innovation in public services /
|c Stephen P. Osborne.
|
| 264 |
|
1 |
|a London ;
|a New York :
|b Routledge,
|c 1998.
|
| 300 |
|
|
|a xiii, 224 pages ;
|c 24 cm.
|
| 336 |
|
|
|a text
|b txt
|2 rdacontent
|
| 337 |
|
|
|a unmediated
|b n
|2 rdamedia
|
| 338 |
|
|
|a volume
|b nc
|2 rdacarrier
|
| 490 |
1 |
|
|a Routledge studies in the management of voluntary and non-profit organizations ;
|v 1
|
| 504 |
|
|
|a Includes bibliographical references (pages [199]-222) and index.
|
| 650 |
|
0 |
|a Human services
|z Great Britain.
|
| 650 |
|
0 |
|a Social service
|z Great Britain.
|
| 650 |
|
0 |
|a Associations, institutions, etc.
|z Great Britain.
|
| 650 |
|
0 |
|a Nonprofit organizations
|z Great Britain.
|
| 650 |
|
0 |
|a Organizational change
|z Great Britain.
|
| 830 |
|
0 |
|a Routledge studies in the management of voluntary and non-profit organizations ;
|v 1.
|
| 948 |
|
|
|a C:BLW
|d 20040215
|
| 999 |
|
|
|a MARS
|
| 999 |
f |
f |
|s 90e5c902-44f4-3833-b1d6-26af32e373ff
|i 82b236ea-f79a-3162-b361-ec3893a07abd
|t 0
|
| 952 |
f |
f |
|p ric
|a Texas A&M University
|b Rellis Campus
|c Joint Library Facility
|d Remote Storage
|t 0
|e HV245 .O73 1998
|h Library of Congress classification
|i unmediated -- volume
|m A14824053381
|
| 998 |
f |
f |
|a HV245 .O73 1998
|t 0
|l Remote Storage
|